Organizational behavior and management

Gorde:
Xehetasun bibliografikoak
Egile nagusia: KONDPASKE, Robert
Formatua: Liburua
Hizkuntza:ingelesa
Argitaratua: McGraw-Hill Education 2018
Etiketak: Etiketa erantsi
Etiketarik gabe, Izan zaitez lehena erregistro honi etiketa jartzen!

MARC

LEADER 00000nam a22000007a 4500
008 210126b ||||| |||| 00| 0 eng d
020 |a 978-1-259-89453-4 
100 |a KONDPASKE, Robert 
245 |a Organizational behavior and management  |c  Robert Konopaske 
250 |b 11th  |c Robert Konopaske, John M. Ivancevich, Michael T. Matteson. 
260 |b McGraw-Hill Education  |c 2018  |h  New York  |i 690943  |l HD58.7 .K79  |m Organizational behavior  |m Ivancevich, John M 
942 |a lcc  |c BK  |e Mr Ogunleye 
952 |0 0  |1 0  |2 lcc  |4 0  |6 HD00587 K79  |7 0  |9 1884  |a HOL  |b HOL  |d 2021-01-26  |l 0  |o HD58.7 .K79  |p 2021-5751  |r 2021-01-26 00:00:00  |w 2021-01-26  |y BK 
999 |c 990  |d 990